000 01570nam a2200349 i 4500
003 EG-GICUC
005 20260121162658.0
008 260121s1974 ua ||||f |||| 00| 0 ara d
040 _a EG-GICUC
_bara
_c EG-GICUC
_d EG-GICUC
_erda
041 _aara
082 0 4 _221
_a345.2
_bم ح . ت
092 0 4 _221
099 _aLaw1 07 345.2 م ح . ت 1974
100 0 _aمحمد عبد السميع علي
_eمترجم.
245 1 0 _aتنظيم وإدارة المشروعات العامة في الدول النامية /
_cترجمة محمد عبد السميع علي؛ مراجعة وتقديم مصطفى أبو الفتوح .
264 1 _aالقاهرة :
_bالمنظمة العربية للعلوم الإدارية ،
_c[1974] .
300 _a268 ؛ صفحة
_c24 سم
336 _2rda content
_atext
337 _2rda media
_aComputer
338 _2rda carrier
_aOnline Resource
490 _aسلسلة الفكر الإداري المعاصر
_v14
504 _aيشتمل على ببليوجرافيا
505 _aعن تقرير الأمم المتحدة : Organization Management and Supervision of Public Enterprises in Developing Countries. United Nations, 1974.
650 1 4 _aالتنظيم الإداري
_2qrmak
650 1 4 _aالقانون الإداري
_2qrmak
651 1 _2qrmak
700 _aمصطفى أبو الفتوح
_eمراجع.
_eمقدم.
830 _aسلسلة الفكر الإداري المعاصر
_v14
856 4 0 _uhttps://fll.law.cu.edu.eg/fulltext/bks/B07-00125.pdf
905 _a61
942 _2ddc
_cBK
_e21
_n0
999 _c58502
_d58502